000 00885nam a2200229 i 4500
001 88467
003 ES-MaACL
005 20250928124219.0
007 t|
008 050104s1968 sp ||||1| spa d
080 _a676
100 1 _aLa Lande, Jérôme de.
_969162
245 1 0 _aArte de hacer el papel, según se práctica en Francia y Holanda, en la China y en el Japón
_b: descripciones de su origen /
_cpor Jérôme de La Lande ; traducido por Miguel Geronymo Suárez y Núñez.
250 _aEd. facsímil.
260 _a[Madrid :
_bEspasa Calpe,
_c1968]
300 _a284 p., 15 lám. ;
_c22 cm.
500 _aReprod. de la ed. de Madrid : Pedro Marin, 1778.
650 4 _aPapel-
_xFabricación-
_vObras anteriores a 1800.
_9145201
700 1 _aSuárez y Núñez, Miguel Jerónimo,
_dm. 1791
_9132944
852 _aES-MaACL
_jC-47411
_bR.68271
999 _c88467
_d88467